Derivát pyrazolu a jeho použitie a farmaceutická kompozícia s jeho obsahom

Bibliographic Details
Corporate Author: Pfizer Inc. (New York, Spojené štáty americké) (Patent holder)
Other Authors: Mowbray, Charles Eric (Originator), Price, David Anthony (Originator), Selby, Mattew Duncan (Originator), Stupple, Paul Anthony (Originator), Jones, Lyn Howard (Originator)
Format: Book
Language:Slovak
PhysicalDescription:164 s. tab. 30 cm
Published: [Banská Bystrica] Úrad priemyselného vlastníctva SR [2012]
Subjects:

MARC

LEADER 00000cam a2200000 a 4500
001 vtls010335757
003 SK-MaSNL
005 20260301213800.0
008 251120s2012 xo a j f000 0 slo
013 |a 287858  |b SK  |c patent  |d 20120104  |e dátum nadobudnutia účinkov patentu (Vestník ÚPV SR č.: 1/2012)  |d 20120102  |e dátum sprístupnenia patentu 
013 |a 1244-2003  |e číslo prihlášky  |d 20020404  |e dátum podania prihlášky  |d 20041201  |e dátum zverejnenia prihlášky (Vestník ÚPV SR č.: 12/2004) 
013 |a 0108999.4  |e číslo prioritnej prihlášky  |d 20010410  |e dátum podania prioritnej prihlášky  |b GB  |e kód krajiny prioritnej prihlášky 
013 |a 0127426.5  |e číslo prioritnej prihlášky  |d 20011115  |e dátum podania prioritnej prihlášky  |b GB  |e kód krajiny prioritnej prihlášky 
015 |a SNBN2013 
040 |a SNK  |b slo  |c SNK  |e AACR2 
041 0 |a slo 
044 |a xo  |c SK 
072 7 |a 615  |x Farmácia. Farmakológia  |2 konspekt 
080 |a 615.2/.45  |2 2001 
084 |a C07D 231/00  |2 IPC 
084 |a A61K 31/00  |2 IPC 
084 |a A61P 31/00  |2 IPC 
084 |a C07D 403/00  |2 IPC 
084 |a C07D 413/00  |2 IPC 
084 |a C07D 401/00  |2 IPC 
084 |a C07D 405/00  |2 IPC 
084 |a C07D 498/00  |2 IPC 
084 |a C07D 471/00  |2 IPC 
245 0 0 |a Derivát pyrazolu a jeho použitie a farmaceutická kompozícia s jeho obsahom  |c Lyn Howard Jones ... [et al.] ; patent. zást. Eva Bušová 
260 |a [Banská Bystrica]  |b Úrad priemyselného vlastníctva SR  |c [2012] 
300 |a 164 s.  |b tab.  |c 30 cm 
650 0 7 |a farmaceutické výrobky  |2 SNKPH  |9 51177 
650 0 7 |a Pharmaceuticals  |2 SNKPHeng  |9 305696 
655 7 |a patenty  |2 SNKPH  |9 177343 
655 7 |a patent licenses  |2 SNKPHeng  |9 303430 
700 1 |a Mowbray, Charles Eric  |4 org  |9 601214 
700 1 |a Price, David Anthony  |4 org  |9 321217 
700 1 |a Bušová, Eva  |4 oth  |9 297878 
700 1 |a Selby, Mattew Duncan  |4 org  |9 601215 
700 1 |a Stupple, Paul Anthony  |4 org  |9 601216 
700 1 |a Jones, Lyn Howard  |4 org  |9 601217 
710 2 |a Pfizer Inc. (New York, Spojené štáty americké)  |4 pth  |9 321221 
852 |a Štátna vedecká knižnica v Banskej Bystrici 
999 |c 922713  |d 924643 
952 |a SNK  |b SNK  |y PREZ  |7 0  |p 17A1067632  |o snkSK 287858  |i snk2013/8682  |8 0  |0 0  |1 0  |4 0  |d 2013-04-17  |l 0  |r 2026-02-24 08:21:14  |w 2026-02-24